[Event "Francia ch femenino"]
[Site "Besançon FRA"]
[Date "2006.08.16"]
[Round "3.5"]
[White "Flear, Christine"]
[Black "Leconte, Maria"]
[Result "0-1"]
[WhiteElo "2198"]
[BlackElo "2304"]
[PlyCount "38"]
[EventDate "2006.08.14"]
[EventType "tourn"]
[EventRounds "11"]
[EventCountry "FRA"]
[Source "lmi"]
[SourceDate "2006.08.17"]

1. d4 Nf6 2. c4 e6 3. Nc3 Bb4 4. e3 O-O 5. Nge2 Re8 6. a3 Bf8 7. e4 d5 8. e5
Nfd7 9. cxd5 exd5 10. g3 c5 11. Bg2 cxd4 12. Nxd5 Nxe5 13. Qxd4 Nbc6 14. Qc3
Bg4 15. Ne3 Bxe2 16. Kxe2 Nd4+ 17. Kf1 Rc8 18. Qe1 Nb3 19. Rb1 Qd3+ 0-1

[Event "Francia ch femenino"]
[Site "Besançon FRA"]
[Date "2006.08.17"]
[Round "4.6"]
[White "Wohlers-Armas, Friederike"]
[Black "Skripchenko, Almira"]
[Result "0-1"]
[WhiteElo "2122"]
[BlackElo "2421"]
[PlyCount "106"]
[EventDate "2006.08.14"]
[EventType "tourn"]
[EventRounds "11"]
[EventCountry "FRA"]
[Source "lmi"]
[SourceDate "2006.08.17"]

1. d4 Nf6 2. c4 e6 3. Nc3 Bb4 4. a3 Bxc3+ 5. bxc3 b6 6. f3 d5 7. cxd5 exd5 8.
e3 O-O 9. Bd3 Ba6 10. Ne2 c5 11. Bxa6 Nxa6 12. O-O Nc7 13. Ng3 Ne6 14. Ra2 b5
15. Qe2 Qa5 16. Bd2 Qa4 17. Rb1 Rfb8 18. Nf5 Rb6 19. dxc5 Nxc5 20. Rb4 Qa6 21.
Nd4 Rab8 22. Be1 Na4 23. Qd3 g6 24. Bg3 Rc8 25. Ne2 Rc4 26. Be5 Qb7 27. Nf4 Nd7
28. Bd4 Ndc5 29. Qd2 Rd6 30. Be5 Rd7 31. Nd3 a6 32. Nxc5 Rxc5 33. Bd4 Rc8 34.
Qe1 Qc6 35. Qg3 f6 36. Qh4 Rf8 37. Qe1 Re8 38. Qh4 Re6 39. Qg4 Rde7 40. Rc2 Qe8
41. Qf4 Rc6 42. g4 Nc5 43. Bxc5 Rxc5 44. Qd4 Qc6 45. Kf2 a5 46. Rb1 Rc4 47. Qd3
Kg7 48. Rb3 Qc5 49. Re2 a4 50. Rb4 Rxc3 51. Rxb5 Qc7 52. Qxd5 Qxh2+ 53. Ke1
Qg1+ 0-1

[Event "Francia ch femenino"]
[Site "Besançon FRA"]
[Date "2006.08.21"]
[Round "7.5"]
[White "Benmesbah, Natacha"]
[Black "Roumegous, Marina"]
[Result "0-1"]
[WhiteElo "2125"]
[BlackElo "2203"]
[PlyCount "106"]
[EventDate "2006.08.14"]
[EventType "tourn"]
[EventRounds "11"]
[EventCountry "FRA"]
[Source "lmi"]
[SourceDate "2006.08.17"]

1. e4 c6 2. c4 d5 3. exd5 cxd5 4. cxd5 Nf6 5. Qa4+ Nbd7 6. Nc3 g6 7. Nf3 Bg7 8.
Bc4 O-O 9. d3 a6 10. Qa3 Nb6 11. Qb3 Qc7 12. Be3 Nbd7 13. a4 b6 14. O-O Nc5 15.
Qd1 Rd8 16. Rc1 Bb7 17. b4 Ncd7 18. Ng5 Qd6 19. Nce4 Nxe4 20. Nxe4 Qb8 21. Qb3
h6 22. d6 e6 23. Bxe6 fxe6 24. Qxe6+ Kh7 25. Rc7 Bxe4 26. dxe4 Ra7 27. Rfc1 Nf8
28. Qd5 Rd7 29. Rxa7 Qxa7 30. e5 Qb8 31. f4 b5 32. a5 Qe8 33. Qc6 g5 34. Qc2+
Kh8 35. g3 gxf4 36. gxf4 Qe6 37. Re1 Bxe5 38. fxe5 Rg7+ 39. Kf1 Qh3+ 40. Ke2
Rg2+ 41. Kd1 Rxc2 42. Kxc2 Kh7 43. Kd3 Qf5+ 44. Kd4 Qg4+ 45. Kc5 Nd7+ 46. Kc6
Nxe5+ 47. Kb6 Qxb4 48. Rd1 Nc4+ 49. Kc6 Ne5+ 50. Kb6 Qb3 51. Re1 Qd5 52. Kxa6
b4 53. Bb6 Qxd6 0-1